[Event "Les Janissaires Online"]
[Site "Quebec CAN"]
[Date "2020.11.05"]
[Round "2"]
[White "Michel, Andie"]
[Black "Potvin, Alain-Nicolas"]
[Result "0-1"]
[WhiteElo "1192"]
[BlackElo "1661"]
[PlyCount "34"]
[EventDate "2020.10.26"]
[EventType "swiss"]
[EventRounds "3"]
[EventCountry "CAN"]

1. e4 g6 2. Nf3 Bg7 3. Bc4 d6 4. d4 Nf6 5. Nc3 O-O 6. O-O Bg4 7. Bg5 Nc6 8. a3
Nxe4 9. Nxe4 d5 10. Nc5 dxc4 11. Nxb7 Qd5 12. Nc5 Nxd4 13. Bxe7 Rfe8 14. Bg5
Bxf3 15. Qd2 Bxg2 16. Qxd4 Bxd4 17. Na6 Qxg5 0-1

[Event "Les Janissaires Online"]
[Site "Quebec CAN"]
[Date "2020.11.16"]
[Round "3"]
[White "Michel, Andie"]
[Black "Grenier, Jean-Michel"]
[Result "0-1"]
[WhiteElo "1192"]
[BlackElo "1593"]
[PlyCount "150"]
[EventDate "2020.10.26"]
[EventType "swiss"]
[EventRounds "3"]
[EventCountry "CAN"]

1. e4 c5 2. Nf3 Nc6 3. Bc4 d6 4. Nc3 Nf6 5. a4 g6 6. d4 cxd4 7. Nxd4 Bg7 8.
Ndb5 a6 9. Nd4 O-O 10. O-O Nxd4 11. Qxd4 Nd7 12. Qe3 Ne5 13. Bb3 Bd7 14. Nd5
Bc6 15. Nb6 Ng4 16. Qg5 Nxf2 17. Nxa8 Nxe4 18. Qf4 e6 19. a5 Be5 20. Qh6 Qxa8
21. c3 Nc5 22. Bc4 b5 23. axb6 Bxg2 24. Rf2 Qe4 25. Be2 Nb3 26. Rxa6 Nxc1 27.
Qxc1 Bh3 28. Bf3 Qc4 29. Ra8 d5 30. Rxf8+ Kxf8 31. Qh6+ Ke7 32. Qxh3 Qb5 33.
Qh4+ Bf6 34. Qb4+ Qxb4 35. cxb4 Bd4 36. b7 Ba7 37. b3 Kd7 38. Kf1 Kc7 39. Ra2
Kxb7 40. Be2 Bb8 41. h3 Bd6 42. b5 Bc5 43. Ra6 Bb6 44. b4 f5 45. Ra2 d4 46. Rc2
e5 47. Rc6 e4 48. Bc4 d3 49. Rd6 Kc7 50. Rd5 Be3 51. b6+ Kxb6 52. Ke1 Kc6 53.
Kd1 Bh6 54. b5+ Kb6 55. Rd7 Kc5 56. b6 Kxb6 57. Rxh7 Bf4 58. Bf7 e3 59. Bxg6
e2+ 60. Ke1 Bg3+ 61. Kd2 e1=Q+ 62. Kxd3 Qd1+ 63. Kc4 Qe2+ 64. Kb3 Qe6+ 65. Kc3
Qxg6 66. Rd7 Qf6+ 67. Kb4 Be1+ 68. Kb3 Qc3+ 69. Ka2 Qa5+ 70. Kb3 Qb5+ 71. Kc2
Qxd7 72. Kb3 Kb5 73. Kc2 Kc4 74. Kc1 Qd2+ 75. Kb1 Kb3 0-1

[Event "Les Janissaires Online"]
[Site "Quebec CAN"]
[Date "2020.11.16"]
[Round "3"]
[White "Potvin, Alain-Nicolas"]
[Black "Boileau, Dominic"]
[Result "0-1"]
[WhiteElo "1661"]
[BlackElo "1695"]
[PlyCount "50"]
[EventDate "2020.10.26"]
[EventType "swiss"]
[EventRounds "3"]
[EventCountry "CAN"]

1. d4 c5 2. e3 g6 3. Nf3 Nf6 4. Bd3 d5 5. c3 Bg7 6. Nbd2 O-O 7. O-O Nc6 8. dxc5
Nd7 9. e4 Nxc5 10. exd5 Nxd3 11. dxc6 Nxc1 12. cxb7 Bxb7 13. Rxc1 Bh6 14. Rc2
Qa5 15. b3 Rfd8 16. Qe2 Qf5 17. Rb2 Bg7 18. Rc1 Rac8 19. Rbc2 Bh6 20. c4 Bxf3
21. gxf3 Bxd2 22. Rxd2 Qg5+ 23. Kh1 Qxd2 24. Re1 Qxe2 25. Rxe2 Rd7 0-1

[Event "Maili-Jade inv."]
[Site "chess.com"]
[Date "2020.08.29"]
[Round "1.3"]
[White "Latorre, Vincent"]
[Black "Montmarquette, Yves"]
[Result "1-0"]
[WhiteElo "2071"]
[BlackElo "1475"]
[PlyCount "77"]
[EventDate "2020.08.29"]
[EventType "swiss"]
[EventRounds "5"]
[EventCountry "CAN"]

1. e4 c5 2. Nf3 g6 3. d4 cxd4 4. Nxd4 Nc6 5. Nc3 Bg7 6. Be3 Nf6 7. f3 O-O 8.
Bc4 d6 9. Qd2 Bd7 10. O-O-O Na5 11. Bb3 Nxb3+ 12. cxb3 Qa5 13. Kb1 a6 14. h4 b5
15. Nd5 Qxd2 16. Nxe7+ Kh8 17. Rxd2 Rfe8 18. Ndc6 Bxc6 19. Nxc6 Re6 20. Nb4 a5
21. Nd5 Nxd5 22. Rxd5 f5 23. Re1 fxe4 24. Bf4 Rae8 25. Rxd6 Rxd6 26. Bxd6 e3
27. Re2 Bd4 28. Kc2 Re6 29. Bf4 Kg8 30. Kd3 Bb6 31. Bxe3 Bxe3 32. Rxe3 Kf7 33.
Rxe6 Kxe6 34. Ke4 Kd6 35. Kd4 h6 36. g4 b4 37. f4 g5 38. hxg5 hxg5 39. fxg5 1-0

[Event "Maili-Jade inv."]
[Site "chess.com"]
[Date "2020.08.29"]
[Round "1.4"]
[White "Magner, Wilhelm"]
[Black "Adam, Rafael"]
[Result "1/2-1/2"]
[WhiteElo "1459"]
[BlackElo "2049"]
[PlyCount "161"]
[EventDate "2020.08.29"]
[EventType "swiss"]
[EventRounds "5"]
[EventCountry "CAN"]

1. d4 Nf6 2. Bf4 d6 3. e3 g6 4. Nc3 Bg7 5. h4 Nc6 6. Be2 h5 7. Nf3 Bg4 8. O-O
O-O 9. Re1 a6 10. Qd2 Nd7 11. Bg5 Qe8 12. Rad1 e5 13. dxe5 Ndxe5 14. Nxe5 Nxe5
15. Nd5 Qd7 16. Nf6+ Bxf6 17. Bxf6 Bxe2 18. Qxe2 Qe6 19. Bxe5 Qxe5 20. Qc4 Rac8
21. c3 Rfe8 22. Rd4 Qf5 23. Rf4 Qe6 24. Rd1 Qxc4 25. Rxc4 Kf8 26. Rdd4 Ke7 27.
Kf1 Kd7 28. Rf4 f5 29. Rcd4 Re5 30. Ke2 Rce8 31. Kf3 Ke6 32. Rd2 Kf6 33. Rc4
R8e7 34. Rcd4 Re4 35. Rxe4 Rxe4 36. Rd4 Ke5 37. Rxe4+ fxe4+ 38. Kg3 b5 39. b3
c5 40. b4 Kd5 41. Kf4 Kc4 42. Kxe4 Kxc3 43. bxc5 dxc5 44. Kd5 c4 45. e4 Kb2 46.
e5 c3 47. e6 c2 48. e7 c1=Q 49. e8=Q Qc4+ 50. Kd6 Qf4+ 51. Kc6 Qxf2 52. Qe5+
Kxa2 53. Qd5+ Ka3 54. Qd3+ Kb2 55. Qxg6 Qxh4 56. g3 Qg4 57. Qf6+ Kb3 58. Qf2
Ka3 59. Qe3+ Ka4 60. Qg1 Qg7 61. Qd1+ Kb4 62. Qb1+ Ka3 63. Qd3+ Kb2 64. Qd2+
Kb3 65. Qd1+ Ka2 66. Qd5+ Kb2 67. Qd2+ Ka3 68. Qd3+ Kb4 69. Qb1+ Kc4 70. Qa2+
Kd3 71. Qb1+ Ke3 72. Qe1+ Kf3 73. Qf1+ Kg4 74. Qf4+ Kh3 75. Qf1+ Kg4 76. Qf4+
Kh3 77. Qf1+ Kh2 78. Qf2+ Kh1 79. Qf1+ Kh2 80. Qf2+ Kh3 81. Qf1+ 1/2-1/2

[Event "Maili-Jade inv."]
[Site "chess.com"]
[Date "2020.08.29"]
[Round "1.5"]
[White "Trahan, Daniel"]
[Black "Courtemanche, Sylvain"]
[Result "1-0"]
[WhiteElo "2040"]
[BlackElo "1440"]
[PlyCount "49"]
[EventDate "2020.08.29"]
[EventType "swiss"]
[EventRounds "5"]
[EventCountry "CAN"]

1. d4 Nf6 2. c4 g6 3. Nc3 Bg7 4. e4 d6 5. Nf3 O-O 6. Be2 e5 7. O-O Nc6 8. d5
Ne7 9. b4 Nh5 10. g3 f5 11. Ng5 Nf6 12. f3 Bh6 13. Ne6 Bxe6 14. Bxh6 Bd7 15.
Bxf8 Qxf8 16. Qd2 Qg7 17. c5 Rb8 18. Rac1 fxe4 19. fxe4 Bh3 20. Rf2 dxc5 21.
bxc5 Rd8 22. Qe3 Bg4 23. Rcf1 Rf8 24. Rxf6 Rxf6 25. Bxg4 1-0

[Event "Maili-Jade inv."]
[Site "chess.com"]
[Date "2020.08.29"]
[Round "1.6"]
[White "Cormier, Benoit"]
[Black "Turcotte, Jonathan"]
[Result "0-1"]
[WhiteElo "1393"]
[BlackElo "2035"]
[PlyCount "84"]
[EventDate "2020.08.29"]
[EventType "swiss"]
[EventRounds "5"]
[EventCountry "CAN"]

1. e4 c6 2. Nc3 d5 3. Nf3 Bg4 4. exd5 cxd5 5. d4 Nc6 6. Be2 e6 7. h3 Bh5 8. O-O
Nf6 9. a3 Rc8 10. Be3 Be7 11. Nd2 Bxe2 12. Qxe2 O-O 13. Nf3 Na5 14. Ne5 Nd7 15.
f4 Nxe5 16. fxe5 Nc4 17. Nd1 b5 18. c3 a5 19. b4 Qc7 20. Bd2 Ra8 21. Ne3 Nxd2
22. Qxd2 Bg5 23. Qd3 Rfc8 24. Nd1 Qc4 25. Qxc4 Rxc4 26. Rf3 axb4 27. cxb4 Rxd4
28. Nc3 Rxb4 29. axb4 Rxa1+ 30. Kh2 Ra3 31. Nxb5 Rxf3 32. gxf3 Bf4+ 33. Kg2
Bxe5 34. Na7 Kf8 35. Nc6 Bc7 36. b5 Ke8 37. Kf2 Kd7 38. Ke2 f6 39. Kd3 Kd6 40.
Nb4 Ba5 41. Nc6 Bb6 42. Nb4 Kc5 0-1

[Event "Maili-Jade inv."]
[Site "chess.com"]
[Date "2020.08.29"]
[Round "1.8"]
[White "Grenier, Marcel jr"]
[Black "Leger, Manon"]
[Result "0-1"]
[WhiteElo "1250"]
[BlackElo "1894"]
[PlyCount "92"]
[EventDate "2020.08.29"]
[EventType "swiss"]
[EventRounds "5"]
[EventCountry "CAN"]

1. e4 e5 2. Nf3 Nf6 3. Nxe5 d6 4. Nf3 Nxe4 5. d4 d5 6. Bd3 Nc6 7. O-O Be7 8.
Re1 Bg4 9. c3 f5 10. Nbd2 O-O 11. h3 Bh5 12. Nf1 Bd6 13. Be2 Kh8 14. Ne5 Be8
15. f4 Bxe5 16. dxe5 Qh4 17. Be3 Rd8 18. Bf3 b6 19. Bxe4 dxe4 20. Qe2 Rd3 21.
Qf2 Qd8 22. Ng3 Na5 23. Ne2 Bh5 24. Nd4 Qe8 25. Nxf5 Rxf5 26. g4 Rf8 27. gxh5
Qxh5 28. Qg2 Qf5 29. Qg4 g6 30. Qxf5 gxf5 31. Kh2 Nc4 32. e6 Nxe3 33. Rg1 Re8
34. Rg5 Rxe6 35. Rag1 Rg6 36. c4 Rxg5 37. Rxg5 Rd2+ 38. Kg1 Rxb2 39. h4 h6 40.
Rg6 Kh7 41. Re6 Nxc4 42. Rc6 Rb1+ 43. Kh2 Nd2 44. Rxc7+ Kg6 45. Rxa7 e3 46. Re7
Ne4 0-1

[Event "Maili-Jade inv."]
[Site "chess.com"]
[Date "2020.08.29"]
[Round "1.9"]
[White "Morin, Louis"]
[Black "Imbeault, Marc"]
[Result "1-0"]
[WhiteElo "1871"]
[BlackElo "1190"]
[PlyCount "41"]
[EventDate "2020.08.29"]
[EventType "swiss"]
[EventRounds "5"]
[EventCountry "CAN"]

1. e4 c5 2. Nf3 d6 3. c3 Nc6 4. Be2 Nf6 5. d4 cxd4 6. cxd4 Nxe4 7. d5 Qa5+ 8.
Nc3 Nxc3 9. bxc3 Qxc3+ 10. Bd2 Qc5 11. dxc6 Qxc6 12. O-O Be6 13. Rc1 Qb6 14.
Be3 Qa5 15. Nd4 a6 16. Nxe6 fxe6 17. Qb3 Qd5 18. Bc4 Qe4 19. Bxe6 Rd8 20. Bf7+
Kd7 21. f3 1-0

[Event "Maili-Jade inv."]
[Site "chess.com"]
[Date "2020.08.29"]
[Round "1.10"]
[White "Landry, Sylvain"]
[Black "Mallais, Daniel"]
[Result "1-0"]
[WhiteElo "1956"]
[BlackElo "1864"]
[PlyCount "54"]
[EventDate "2020.08.29"]
[EventType "swiss"]
[EventRounds "5"]
[EventCountry "CAN"]

1. e4 c6 2. d4 d5 3. e5 Bf5 4. h4 h5 5. c4 e6 6. Nc3 dxc4 7. Bxc4 Nd7 8. Bg5
Be7 9. Qd2 Bxg5 10. hxg5 Ne7 11. Nge2 b5 12. Bb3 Nd5 13. Ng3 Nxc3 14. Nxf5 Ne4
15. Nxg7+ Kf8 16. Nxe6+ fxe6 17. Qf4+ Kg7 18. Qxe4 Qxg5 19. Bxe6 Raf8 20. Bxd7
Rf4 21. Qxc6 Rhf8 22. O-O h4 23. Bh3 Rf3 24. Qd7+ R8f7 25. Qc8 Kh7 26. Be6 Rf8
27. Qc5 a6 1-0

[Event "Maili-Jade inv."]
[Site "chess.com"]
[Date "2020.08.29"]
[Round "1.11"]
[White "Wang, Rachel"]
[Black "Li, Jake Chi Hang"]
[Result "1-0"]
[WhiteElo "1837"]
[BlackElo "1008"]
[PlyCount "95"]
[EventDate "2020.08.29"]
[EventType "swiss"]
[EventRounds "5"]
[EventCountry "CAN"]

1. d4 d5 2. c4 c6 3. Nc3 Nf6 4. Nf3 Bf5 5. Qb3 Qd7 6. cxd5 e6 7. Ne5 Qc7 8. e4
Bg6 9. dxe6 Bd6 10. exf7+ Bxf7 11. Nxf7 Qxf7 12. Qxf7+ Kxf7 13. e5 Bxe5 14.
dxe5 Ng4 15. f4 Nh6 16. Bc4+ Kg6 17. O-O Nd7 18. Be3 Nf5 19. Bf2 Nb6 20. Bd3
Rhd8 21. Rad1 Nd7 22. g4 Nf8 23. Bxf5+ Kf7 24. Rxd8 Rxd8 25. Rd1 Ra8 26. Ne4
Ne6 27. Nd6+ Ke7 28. Be3 g6 29. Be4 Rd8 30. f5 gxf5 31. gxf5 a5 32. fxe6 Kxe6
33. Bxh7 Kxe5 34. Nf7+ Kf6 35. Nxd8 Ke7 36. Nxb7 a4 37. Rd6 a3 38. bxa3 c5 39.
Bg5+ Kf7 40. Bg6+ Kg7 41. Nxc5 Kf8 42. a4 Kg7 43. a5 Kh8 44. a6 Kg7 45. a7 Kf8
46. a8=Q+ Kg7 47. Qb7+ Kf8 48. Rd8# 1-0

[Event "Maili-Jade inv."]
[Site "chess.com"]
[Date "2020.08.29"]
[Round "1.12"]
[White "Bilodeau-Savaria, Karl"]
[Black "Dube, Daniel"]
[Result "0-1"]
[WhiteElo "759"]
[BlackElo "1697"]
[PlyCount "104"]
[EventDate "2020.08.29"]
[EventType "swiss"]
[EventRounds "5"]
[EventCountry "CAN"]

1. d4 Nf6 2. c4 c5 3. e3 e6 4. Nf3 d5 5. Nc3 Nc6 6. Be2 Be7 7. O-O O-O 8. Re1
a6 9. Bd3 dxc4 10. Bxc4 b5 11. d5 exd5 12. Bxd5 Nxd5 13. Nxd5 Bd6 14. e4 Bg4
15. Bf4 Bxf4 16. Nxf4 Nd4 17. h3 Nxf3+ 18. gxf3 Qxd1 19. Raxd1 Bxf3 20. Rd5
Rfe8 21. Rxc5 Bxe4 22. Kf1 f6 23. Re3 Bg6 24. Nxg6 Rxe3 25. fxe3 hxg6 26. Ke2
g5 27. b4 a5 28. Rxb5 axb4 29. Rxb4 Rxa2+ 30. Kf3 Kf7 31. Kg4 Re2 32. e4 Rf2
33. Kh5 Rf4 34. Rb7+ Ke6 35. Rxg7 Rh4+ 36. Kg6 Rxh3 37. Rf7 Rf3 38. Kg7 g4 39.
Kf8 g3 40. Re7+ Kd6 41. Ke8 Rf2 42. Rd7+ Kc5 43. Rd5+ Kc4 44. Rd7 g2 45. Rg7
Kd4 46. Kf7 Kxe4 47. Rxg2 Rxg2 48. Kxf6 Rg4 49. Ke6 Rg6+ 50. Kf7 Kf5 51. Ke7
Rf6 52. Kd7 Re6 0-1

[Event "Maili-Jade inv."]
[Site "chess.com"]
[Date "2020.09.06"]
[Round "2.1"]
[White "Morin-Pare, Victor"]
[Black "Ouellet, Maili-Jade"]
[Result "0-1"]
[WhiteElo "1912"]
[BlackElo "2341"]
[PlyCount "44"]
[EventDate "2020.08.29"]
[EventType "swiss"]
[EventRounds "5"]
[EventCountry "CAN"]

1. d4 d5 2. Bf4 Nf6 3. Nc3 c5 4. e3 Bf5 5. Nb5 Na6 6. c3 e6 7. Qa4 Nd7 8. Nd6+
Bxd6 9. Bxd6 Qb6 10. Bxa6 Qxb2 11. Bb5 Qxa1+ 12. Ke2 e5 13. Nf3 Qxh1 14. Nxe5
Rd8 15. g4 Be6 16. Qxa7 f6 17. Bxd7+ Bxd7 18. Nxd7 Rxd7 19. Qb8+ Kf7 20. Qxh8
Rxd6 21. Qxh7 Rb6 22. Qh5+ Ke7 0-1

[Event "Maili-Jade inv."]
[Site "chess.com"]
[Date "2020.09.06"]
[Round "2.2"]
[White "Leger, Manon"]
[Black "Allard, Laurent"]
[Result "0-1"]
[WhiteElo "1894"]
[BlackElo "2165"]
[PlyCount "72"]
[EventDate "2020.08.29"]
[EventType "swiss"]
[EventRounds "5"]
[EventCountry "CAN"]

1. e4 c5 2. Nf3 d6 3. c3 Nf6 4. d3 Nc6 5. Nbd2 g6 6. g3 Bg7 7. Bg2 O-O 8. O-O
Rb8 9. a3 b5 10. b4 Nd7 11. Qb3 Qc7 12. Bb2 Nde5 13. Qc2 Nxf3+ 14. Nxf3 Bg4 15.
d4 Rfc8 16. Qd2 Qb6 17. Rad1 a5 18. h3 Bxf3 19. Bxf3 axb4 20. axb4 Ra8 21. e5
Ra4 22. bxc5 dxc5 23. Bxc6 Qxc6 24. d5 Qd7 25. Rfe1 Ra6 26. c4 b4 27. Qf4 e6
28. dxe6 Qxe6 29. Rd5 Qxh3 30. Red1 Qe6 31. Rd8+ Bf8 32. Rxc8 Qxc8 33. Qh4 Ra2
34. Bc1 Qf5 35. Bf4 Qc2 36. Be3 Qxd1+ 0-1

[Event "Maili-Jade inv."]
[Site "chess.com"]
[Date "2020.09.06"]
[Round "2.3"]
[White "Mallais, Daniel"]
[Black "Latorre, Vincent"]
[Result "0-1"]
[WhiteElo "1864"]
[BlackElo "2071"]
[PlyCount "68"]
[EventDate "2020.08.29"]
[EventType "swiss"]
[EventRounds "5"]
[EventCountry "CAN"]

1. d4 Nf6 2. Bf4 d5 3. e3 c5 4. c3 Nc6 5. Bd3 Qb6 6. Qc2 c4 7. Be2 Bf5 8. Qc1
e6 9. Nf3 h6 10. Ne5 Be7 11. Nd2 O-O 12. b3 cxb3 13. axb3 Rac8 14. Qb2 Nxe5 15.
Bxe5 Qc6 16. Rxa7 Qxc3 17. Qxc3 Rxc3 18. Rxb7 Rc1+ 19. Bd1 Bd3 20. Bxf6 Bxf6
21. Nf3 Rfc8 22. Kd2 Be4 23. Re1 Rb1 24. Ke2 Rcc1 25. Rb8+ Kh7 26. Nd2 Rb2 27.
f3 Bg6 28. b4 Rc3 29. Ba4 Bd3+ 30. Kd1 Ra2 31. Nb3 Rxa4 32. Nc5 Ra2 33. b5 Rxc5
34. dxc5 Bc3 0-1

[Event "Maili-Jade inv."]
[Site "chess.com"]
[Date "2020.09.06"]
[Round "2.4"]
[White "Dube, Daniel"]
[Black "Trahan, Daniel"]
[Result "0-1"]
[WhiteElo "1697"]
[BlackElo "2040"]
[PlyCount "52"]
[EventDate "2020.08.29"]
[EventType "swiss"]
[EventRounds "5"]
[EventCountry "CAN"]

1. d4 Nf6 2. c4 e6 3. Nf3 b6 4. a3 Bb7 5. Nc3 d5 6. cxd5 Nxd5 7. Qc2 Nxc3 8.
bxc3 Be7 9. e4 O-O 10. Bd3 h6 11. O-O c5 12. Bb2 Qc8 13. Qe2 Ba6 14. d5 Bxd3
15. Qxd3 c4 16. Qe2 exd5 17. exd5 Re8 18. Rfe1 Nd7 19. Nd2 Nf6 20. Qxc4 Qxc4
21. Nxc4 Nxd5 22. Re5 Nf6 23. Rd1 Bc5 24. Kf1 Ng4 25. Rxe8+ Rxe8 26. f3 Nxh2#
0-1

[Event "Maili-Jade inv."]
[Site "chess.com"]
[Date "2020.09.06"]
[Round "2.5"]
[White "Turcotte, Jonathan"]
[Black "Morin, Louis"]
[Result "1-0"]
[WhiteElo "2035"]
[BlackElo "1871"]
[PlyCount "111"]
[EventDate "2020.08.29"]
[EventType "swiss"]
[EventRounds "5"]
[EventCountry "CAN"]

1. d4 d5 2. c4 e6 3. Nf3 Nf6 4. Nc3 Be7 5. Bg5 Nbd7 6. e3 O-O 7. Rc1 a6 8. cxd5
exd5 9. Bd3 Re8 10. O-O Nf8 11. h3 Ne6 12. Bh4 g6 13. b4 Ng7 14. Qb3 c6 15. a4
Bf5 16. Bxf5 Nxf5 17. Bxf6 Bxf6 18. b5 axb5 19. axb5 Qd6 20. Na4 cxb5 21. Qxb5
Qa6 22. Qxa6 bxa6 23. Nb6 Rad8 24. Rc5 Ne7 25. Ra1 Rd6 26. Na4 Rb8 27. Ra5 Kg7
28. Nc5 Rdb6 29. Rxa6 Rb1+ 30. Rxb1 Rxb1+ 31. Kh2 Rb2 32. Nd3 Rb3 33. Nfe1 Nc8
34. g3 Nb6 35. Kg2 Nc4 36. Nf4 Rb1 37. Ned3 Rb3 38. Nc5 Rb2 39. Nxd5 Bd8 40.
Nd3 Rd2 41. N3f4 Ba5 42. Rc6 Rc2 43. Rc5 Bd2 44. Kf3 Bc1 45. Nb4 Nd2+ 46. Ke2
Rxc5 47. dxc5 Ne4 48. c6 Ba3 49. c7 Nd6 50. Nbd5 Nc8 51. Kd3 Bd6 52. Kc4 Kf8
53. Kb5 Ke8 54. Kc6 Be5 55. Nd3 Bg7 56. Nc5 1-0

[Event "Maili-Jade inv."]
[Site "chess.com"]
[Date "2020.09.06"]
[Round "2.6"]
[White "Adam, Rafael"]
[Black "Wang, Rachel"]
[Result "0-1"]
[WhiteElo "2049"]
[BlackElo "1837"]
[PlyCount "158"]
[EventDate "2020.08.29"]
[EventType "swiss"]
[EventRounds "5"]
[EventCountry "CAN"]

1. e3 Nf6 2. Nf3 d5 3. c4 e6 4. b3 c5 5. Bb2 Nc6 6. Na3 a6 7. d3 Be7 8. Be2 O-O
9. O-O b6 10. Qd2 Bb7 11. cxd5 exd5 12. Nc2 Rc8 13. Rac1 Bd6 14. Rfd1 Qe7 15.
d4 Ne4 16. Qe1 Rfd8 17. Qf1 a5 18. g3 Nb4 19. Nxb4 axb4 20. a4 bxa3 21. Bxa3
Ra8 22. Ra1 Nc3 23. Rdc1 Nxe2+ 24. Qxe2 Ba6 25. Qd1 Bb5 26. dxc5 bxc5 27. Bb2
Rxa1 28. Rxa1 d4 29. exd4 Be2 30. Qc2 Bxf3 31. dxc5 Bxc5 32. Rc1 Qd6 33. Re1
Qh6 34. Qc3 Bb4 35. Qc7 Qd2 36. Rf1 Qd1 37. Qc1 Qxc1 38. Bxc1 Rd4 39. Bb2 Rd1
40. h3 Rxf1+ 41. Kxf1 Bd1 42. Bd4 Bxb3 43. Ke2 g6 44. Ke3 f5 45. Kf4 Kf7 46. g4
Bd2+ 47. Ke5 fxg4 48. hxg4 Bd1 49. f4 Bxg4 50. Bf2 h5 51. Bh4 Bc3+ 52. Kd6 Bf6
53. Bg3 h4 54. Bh2 h3 55. Kd5 Bf3+ 56. Kd6 g5 57. fxg5 Bxg5 58. Ke5 Kg6 59. Bg3
Be3 60. Bh2 Kg5 61. Ke6 Bf4 62. Bg1 Kg4 63. Kf6 Kg3 64. Kf5 Kg2 65. Bd4 Bg3 66.
Kg6 h2 67. Kg7 h1=Q 68. Bf6 Qh5 69. Ba1 Be5+ 70. Bxe5 Qxe5+ 71. Kh7 Qf5+ 72.
Kh6 Qf6+ 73. Kh7 Be4+ 74. Kg8 Bh7+ 75. Kxh7 Kg3 76. Kg8 Qe7 77. Kh8 Kg4 78. Kg8
Kg5 79. Kh8 Kg6 0-1

[Event "Maili-Jade inv."]
[Site "chess.com"]
[Date "2020.09.06"]
[Round "2.7"]
[White "Montmarquette, Yves"]
[Black "Magner, Wilhelm"]
[Result "0-1"]
[WhiteElo "1475"]
[BlackElo "1459"]
[PlyCount "62"]
[EventDate "2020.08.29"]
[EventType "swiss"]
[EventRounds "5"]
[EventCountry "CAN"]

1. c4 c6 2. g3 d5 3. cxd5 cxd5 4. d4 Nc6 5. Bg2 Bf5 6. Nc3 e6 7. Nf3 Nf6 8. O-O
Be7 9. Bf4 O-O 10. Rc1 Rc8 11. a3 Qb6 12. Na4 Qb5 13. b4 Ne4 14. Nc3 Nxc3 15.
Rxc3 a5 16. bxa5 Nxa5 17. a4 Qb4 18. Rc7 Rxc7 19. Bxc7 Rc8 20. Bxa5 Qxa5 21.
Qa1 Rc4 22. Rc1 Qxa4 23. h3 Qxa1 24. Rxa1 Rc8 25. Ra7 Rb8 26. g4 Bg6 27. Ne5
Bf6 28. Nd7 Bxd4 29. Nxb8 Bxa7 30. Nd7 f6 31. Bf1 Be8 0-1

[Event "Maili-Jade inv."]
[Site "chess.com"]
[Date "2020.09.06"]
[Round "2.8"]
[White "Courtemanche, Sylvain"]
[Black "Bilodeau-Savaria, Karl"]
[Result "1-0"]
[WhiteElo "1440"]
[BlackElo "759"]
[PlyCount "35"]
[EventDate "2020.08.29"]
[EventType "swiss"]
[EventRounds "5"]
[EventCountry "CAN"]

1. e4 c5 2. Nf3 d6 3. d4 cxd4 4. Nxd4 e5 5. Bb5+ Bd7 6. Bxd7+ Nxd7 7. Nf5 Ngf6
8. Nc3 g6 9. Nxd6+ Bxd6 10. Qxd6 Qe7 11. Qd1 Rd8 12. Bg5 Nc5 13. Qf3 Rd6 14.
Nd5 Ne6 15. Bxf6 Qf8 16. Bxh8 Qxh8 17. O-O-O Ng5 18. Qa3 1-0

[Event "Maili-Jade inv."]
[Site "chess.com"]
[Date "2020.09.06"]
[Round "2.9"]
[White "Imbeault, Marc"]
[Black "Cormier, Benoit"]
[Result "1-0"]
[WhiteElo "1190"]
[BlackElo "1393"]
[PlyCount "137"]
[EventDate "2020.08.29"]
[EventType "swiss"]
[EventRounds "5"]
[EventCountry "CAN"]

1. e4 c5 2. Nf3 Nc6 3. g3 e6 4. Bg2 b5 5. O-O d6 6. c3 Nge7 7. d4 cxd4 8. cxd4
Bb7 9. Re1 g6 10. b3 Bg7 11. Bb2 O-O 12. Nc3 a6 13. a3 Rb8 14. Qd2 Qd7 15. Rad1
Rfd8 16. b4 Nc8 17. d5 exd5 18. Nxd5 Bxb2 19. Qxb2 Qe6 20. Nf6+ Kf8 21. Nxh7+
Ke7 22. Nhg5 Qf6 23. Qxf6+ Kxf6 24. h4 N8e7 25. Nh7+ Kg7 26. Nhg5 Ne5 27. Nxe5
dxe5 28. Nf3 f6 29. Rd2 Nc6 30. Red1 Rxd2 31. Nxd2 Nd4 32. Nb3 Nxb3 33. Rd7+
Kf8 34. f3 Nd4 35. Kf2 Bc6 36. Rh7 Kg8 37. Rc7 Rb7 38. Rc8+ Kg7 39. Ra8 Rb6 40.
Rc8 Bb7 41. Rc7+ Kg8 42. g4 Ne6 43. Re7 Kf8 44. Rh7 Ng7 45. g5 f5 46. Rh6 f4
47. Rh8+ Kf7 48. Rb8 Ne6 49. Bh3 Nd4 50. Bc8 Nc6 51. Rxb7+ Rxb7 52. Bxb7 Nb8
53. Kg2 Ke7 54. Kh3 Kf7 55. Kg4 Kg7 56. h5 gxh5+ 57. Kxh5 Kh7 58. Kg4 Kg6 59.
Bc8 Kg7 60. Kf5 Nc6 61. Bxa6 Nd4+ 62. Kg4 Nc2 63. Bxb5 Nxa3 64. Bc6 Nc2 65. b5
Ne3+ 66. Kh5 Nc4 67. g6 Nd2 68. b6 Nxf3 69. b7 1-0

[Event "Maili-Jade inv."]
[Site "chess.com"]
[Date "2020.09.06"]
[Round "2.10"]
[White "Li, Jake Chi Hang"]
[Black "Grenier, Marcel jr"]
[Result "0-1"]
[WhiteElo "1008"]
[BlackElo "1250"]
[PlyCount "69"]
[EventDate "2020.08.29"]
[EventType "swiss"]
[EventRounds "5"]
[EventCountry "CAN"]

1. e4 e5 2. Nf3 Nc6 3. d4 exd4 4. c3 dxc3 5. Bc4 Nf6 6. Nxc3 Bb4 7. e5 d5 8.
exf6 dxc4 9. Qxd8+ Nxd8 10. fxg7 Rg8 11. O-O Bxc3 12. bxc3 Rxg7 13. Ne5 Bh3 14.
g3 Bxf1 15. Kxf1 b5 16. Bf4 Ne6 17. Bh6 Rg8 18. Nc6 Rg6 19. Be3 a6 20. Re1 Kf8
21. Ne5 Rg8 22. Bh6+ Ke8 23. Nf3 Kd8 24. Ne5 Kc8 25. Nxf7 Nc5 26. Be3 Nd3 27.
Ra1 Kb7 28. a4 h5 29. axb5 axb5 30. Rb1 Kc6 31. Nh6 Rgf8 32. g4 hxg4 33. Nxg4
Ra2 34. h4 Rfa8 35. h5 0-1

[Event "Maili-Jade inv."]
[Site "chess.com"]
[Date "2020.09.13"]
[Round "3.1"]
[White "Ouellet, Maili-Jade"]
[Black "Trahan, Daniel"]
[Result "1-0"]
[WhiteElo "2341"]
[BlackElo "2040"]
[PlyCount "115"]
[EventDate "2020.08.29"]
[EventType "swiss"]
[EventRounds "5"]
[EventCountry "CAN"]

1. d4 Nf6 2. c4 e6 3. Nf3 b6 4. g3 Ba6 5. b3 Bb4+ 6. Bd2 Be7 7. Bg2 c6 8. O-O
O-O 9. Bc3 d5 10. Ne5 Nfd7 11. Nxd7 Nxd7 12. Nd2 b5 13. e4 bxc4 14. bxc4 Nb6
15. exd5 cxd5 16. Ba5 Qd7 17. Bxb6 axb6 18. Re1 Bb4 19. cxd5 exd5 20. Re5 Bb7
21. Nf1 Be7 22. Re2 Bf6 23. Ne3 Ra4 24. Rd2 Rfa8 25. Rb1 Rxa2 26. Rxa2 Rxa2 27.
Rxb6 Bd8 28. Rxb7 Qxb7 29. Bxd5 Qa7 30. Bxa2 Qxa2 31. Qc1 g6 32. d5 Bb6 33.
Qc8+ Kg7 34. Qc3+ Kg8 35. Ng4 Bxf2+ 36. Nxf2 Qxd5 37. Qd3 Qe6 38. Qe4 Qb6 39.
Kg2 h5 40. Nd3 Qb1 41. Qe8+ Kg7 42. Qe2 Kg8 43. Nf4 Qb7+ 44. Qf3 Qb2+ 45. Kh3
Qb8 46. Qe4 Qc8+ 47. Kg2 Qg4 48. Qe8+ Kg7 49. Qe5+ Kg8 50. Nd5 Qd1 51. Nf6+ Kf8
52. Kh3 Qd8 53. Qc3 Qd1 54. Kh4 Qd8 55. Kg5 Kg7 56. h3 Qe7 57. Qd4 Qd8 58. Qxd8
1-0

[Event "Maili-Jade inv."]
[Site "chess.com"]
[Date "2020.09.13"]
[Round "3.2"]
[White "Allard, Laurent"]
[Black "Turcotte, Jonathan"]
[Result "1/2-1/2"]
[WhiteElo "2165"]
[BlackElo "2035"]
[PlyCount "72"]
[EventDate "2020.08.29"]
[EventType "swiss"]
[EventRounds "5"]
[EventCountry "CAN"]

1. e4 c6 2. d4 d5 3. Nd2 dxe4 4. Nxe4 Bf5 5. Ng3 Bg6 6. h4 h6 7. Nf3 Nd7 8. h5
Bh7 9. Bd3 Bxd3 10. Qxd3 e6 11. Bf4 Qa5+ 12. Nd2 Ngf6 13. c4 Be7 14. Qe2 O-O
15. O-O Rfd8 16. Rfd1 b5 17. b3 Ba3 18. Nde4 Nxe4 19. Nxe4 bxc4 20. bxc4 Nb6
21. Be5 Bf8 22. Rac1 c5 23. dxc5 Nd7 24. Bc3 Qc7 25. Rd3 Nxc5 26. Rg3 Nxe4 27.
Qxe4 Qe7 28. Qe5 f5 29. Rg6 Rac8 30. Rxe6 Qf7 31. Qe2 Rd7 32. Bb2 Rdc7 33. Re5
Rxc4 34. Rxc4 Qxc4 35. Qxc4+ Rxc4 36. Rxf5 Ra4 1/2-1/2